<?xml version="1.0" encoding="UTF-8"?>
<record
    xmlns:xsi="http://www.w3.org/2001/XMLSchema-instance"
    xsi:schemaLocation="http://www.loc.gov/MARC21/slim http://www.loc.gov/standards/marcxml/schema/MARC21slim.xsd"
    xmlns="http://www.loc.gov/MARC21/slim">

  <leader>01878nab a22002657a 4500</leader>
  <datafield tag="999" ind1=" " ind2=" ">
    <subfield code="c">6240</subfield>
    <subfield code="d">6240</subfield>
  </datafield>
  <controlfield tag="003">OSt</controlfield>
  <controlfield tag="005">20260127185620.0</controlfield>
  <controlfield tag="008">190514b        xxu||||| |||| 00| 0 spa d</controlfield>
  <datafield tag="040" ind1=" " ind2=" ">
    <subfield code="c">PJ</subfield>
  </datafield>
  <datafield tag="100" ind1=" " ind2=" ">
    <subfield code="9">6751</subfield>
    <subfield code="a">Arduino, Ileana </subfield>
  </datafield>
  <datafield tag="245" ind1="1" ind2="0">
    <subfield code="a">Del prohibicionismo ineficiente del fallo "G&#xF3;ngora" a la centralidad de la gesti&#xF3;n del conflicto : </subfield>
    <subfield code="b">notas sobre el caso "V. J. C." /</subfield>
    <subfield code="c">Ileana Arduino. </subfield>
  </datafield>
  <datafield tag="300" ind1=" " ind2=" ">
    <subfield code="a">p. 33-40</subfield>
  </datafield>
  <datafield tag="500" ind1=" " ind2=" ">
    <subfield code="a">Cita: TR LALEY AR/DOC/1582/2025. </subfield>
  </datafield>
  <datafield tag="505" ind1=" " ind2=" ">
    <subfield code="a">Sumario: I. Introducci&#xF3;n.&#x2014; II. El impacto del prohibicionismo inconducente de G&#xF3;ngora en la provincia de Buenos Aires.&#x2014; III. &#xBF;Cu&#xE1;les fueron las razones del Ministerio P&#xFA;blico Fiscal para recurrir la decisi&#xF3;n?&#x2014; IV. La consideraci&#xF3;n de la calificaci&#xF3;n legal como criterio diferenciador. Aspectos cr&#xED;ticos.&#x2014; V. La posici&#xF3;n de la persona victimizada en relaci&#xF3;n con el tipo de respuesta que espera.&#x2014; VI. La articulaci&#xF3;n entre perspectiva de g&#xE9;nero y diversidad de respuestas.&#x2014; VII. La cr&#xED;tica al automatismo burocr&#xE1;tico y su afectaci&#xF3;n al modelo constitucional de persecuci&#xF3;n y juzgamiento.&#x2014; VIII. La valoraci&#xF3;n de la audiencia como el &#xE1;mbito adecuado para decidir.&#x2014; IX. Sobre el desplazamiento del fiscal del caso.&#x2014; X. Conclusiones. </subfield>
  </datafield>
  <datafield tag="505" ind1=" " ind2=" ">
    <subfield code="t">Fallo comentado: TCasaci&#xF3;n Penal, Buenos Aires, sala V ~ 20/02/2025 ~ V., J. C. s/ recurso de queja interpuesto por fiscal.</subfield>
  </datafield>
  <datafield tag="650" ind1=" " ind2="0">
    <subfield code="9">967</subfield>
    <subfield code="a">DERECHO DE FAMILIA</subfield>
  </datafield>
  <datafield tag="650" ind1=" " ind2="0">
    <subfield code="9">3053</subfield>
    <subfield code="a">VIOLENCIA DE G&#xC9;NERO</subfield>
  </datafield>
  <datafield tag="650" ind1=" " ind2="0">
    <subfield code="9">2348</subfield>
    <subfield code="a">PROCESO PENAL</subfield>
  </datafield>
  <datafield tag="650" ind1=" " ind2="0">
    <subfield code="9">4044</subfield>
    <subfield code="a">PERSPECTIVA DE G&#xC9;NERO</subfield>
  </datafield>
  <datafield tag="650" ind1=" " ind2="0">
    <subfield code="9">2837</subfield>
    <subfield code="a">SUSPENSI&#xD3;N DEL JUCIO A PRUEBA</subfield>
  </datafield>
  <datafield tag="650" ind1=" " ind2="0">
    <subfield code="9">3047</subfield>
    <subfield code="a">V&#xCD;CTIMA DEL DELITO</subfield>
  </datafield>
  <datafield tag="650" ind1=" " ind2="0">
    <subfield code="9">1057</subfield>
    <subfield code="a">JURISPRUDENCIA APLICABLE</subfield>
  </datafield>
  <datafield tag="773" ind1="0" ind2=" ">
    <subfield code="0">2844</subfield>
    <subfield code="9">3222</subfield>
    <subfield code="d">Buenos Aires : AbeledoPerrot, 1989-</subfield>
    <subfield code="t">Derecho de familia. Revista Interdisciplinaria de doctrina y jurisprudencia. Agosto 2025-IV.</subfield>
    <subfield code="z">18511201</subfield>
  </datafield>
  <datafield tag="942" ind1=" " ind2=" ">
    <subfield code="2">udc</subfield>
    <subfield code="c">ANA</subfield>
  </datafield>
</record>
